000 01064njm a22002657a 4500
005 20100908100941.0
007 sd ammalaaahaa
008 100908t xxu||||| |||| 00| 0 hin d
028 _aN. 64065
_bHis Master's Voice
035 _aGR-01266
040 _aSED/VEN
100 _aMohd. Rafi
_91184
245 _aGuddi :
_bpunjabi /
_cby Mohd. Rafi, Lata Mangeshkar and Shamshad Begum; music by Hansraj Bahil ; lyric by Malik Varma
_h[sound recording] :
246 _a
260 _aDum Dum, India
_bHis Master's Voice
300 _a1 sound record [Greamophone records] :
_banalog, 33. 1/3 rpm
_c10 in.
500 _aBrief record.
505 _aSanu tak ke na sangya karo (Mohd. Rafi, Lata Mangeshkar ) Part 1, Lak patla te gager bhari (Bhangra) (Shamshad Begum Mohd. Rafi) Part 2
_u
650 _aClassical Music
_xExcerpts
_zIndia
_918799
700 _aMangeshkar, Lata
_918800
700 _aShamshad Begum
_918875
700 _aBehl, Hansraj
_918936
942 _2ddc
_cGR
999 _c44505
_d44505